Ubur - Ubur dan Katak

Bibliographic Details
Main Author: Azlinda Mohd Masri
Format: Book
Published: Selangor : Pustaka Lastari , 2016
Series:Siri info haiwan berbisa
Subjects:

MARC

LEADER 00000cam a2200000 7i4500
001 0000071801
005 20170502.0
008 170929
020 |a 9789670676180(set) 
020 |a 9789670676258 
090 0 0 |a JF ANM   |b MAL 
100 1 |a Azlinda Mohd Masri 
245 1 0 |a Ubur - Ubur dan Katak   |c Azlinda Mohd Masri 
260 |a Selangor :   |b Pustaka Lastari ,   |c 2016 
490 1 |a Siri info haiwan berbisa 
500 |a Children ages 7-9 years old (orange) 
581 8 0 |a Purchase 2016 
650 0 |a Children's   |x Fiction. 
650 0 |a Malay   |x juvenile literature. 
999 |a 0001433958   |b Book   |c Children Collection   |e Cawangan Muar 
999 |a 0001433959   |b Book   |c Children Collection   |e Cawangan Pontian 
999 |a 0001433960   |b Book   |c Children Collection   |e Cawangan Batu Pahat 
999 |a 0001433961   |b Book   |c Children Collection   |e Cawangan Tangkak 
999 |a 0001433962   |b Book   |c Children Collection   |e Cawangan Taman Sri Lambak 
999 |a 0001433963   |b Book   |c Children Collection   |e Cawangan Bukit Gambir 
999 |a 0001433964   |b Book   |c Children Collection   |e Cawangan Sri Merlong 
999 |a 0001433965   |b Book   |c Children Collection   |e Cawangan Kota Tinggi 
999 |a 0001433966   |b Book   |c Children Collection   |e Cawangan Segamat 
999 |a 0001433967   |b Book   |c Children Collection   |e Cawangan Tangkak 
999 |a 0001433968   |b Book   |c Children Collection   |e Cawangan Taman Universiti 
999 |a 0001433969   |b Book   |c Children Collection   |e Cawangan Mersing 
999 |a 0001433970   |b Book   |c Children Collection   |e Cawangan Tmn. Ungku Tun Aminah 
999 |a 0001433971   |b Book   |c Teenagers   |e Cawangan Bandar Tenggara 
999 |a 0001438661   |b Book   |c Children Collection   |e Perbadanan Perpustakaan Awam Johor 
999 |a 0001438662   |b Book   |c Children Collection   |e Perbadanan Perpustakaan Awam Johor 
999 |a 0001438663   |b Book   |c Children Collection   |e Cawangan AEON Kulaijaya 
999 |a 0001438664   |b Book   |c Children Collection   |e Cawangan Urban Transformation Centre